| 000 | 00000nam##2200000za#4500 |
| 001 | 9.581004 |
| 003 | CaOODSP |
| 005 | 20210624191319 |
| 007 | cr ||||||||||| |
| 008 | 150406|2002||||xxc|||||o f|0| 0 eng|d |
| 040 | |aCaOODSP|beng |
| 043 | |an-cn--- |
| 086 | 1 |aNH18-22/102-129E-PDF |
| 110 | 2 |aCanada Mortgage and Housing Corporation. |
| 245 | 10|aInvestigation protocol for evaluation of post-tensioned buildings |h[electronic resource] |
| 250 | |aRevised 2006 |
| 260 | |aOttawa - Ontario : |bCanada Mortgage and Housing Corporation |cc2002, 2006. |
| 300 | |a4p. |
| 490 | 1 |aResearch highlight. Technical series |v02-129 |
| 500 | |aFile reproduced from original print. |
| 590 | |a14-19-Supp|b2014-11-03 |
| 775 | 08|tProtocole d'investigation des bâtiments en béton précontraint par post-tension |w(CaOODSP)9.607891 |
| 830 | #0|aResearch highlight. Technical series ;|v02-129|w(CaOODSP)9.504482 |
| 856 | 40|ahttp://publications.gc.ca|qPDF|s254 KB|uhttps://publications.gc.ca/collections/collection_2014/schl-cmhc/NH18-22-102-129-eng.pdf|y02-129 |